000 00296nam a22001337a 4500
008 190205b xxu||||| |||| 00| 0 eng d
020 _a9780077424084
041 _aeng
080 _212th
_a330.722.6
100 _a61
101 _aKF
245 _aComputer Accounting
_cKay,D
942 _2udc
_cBK
999 _c53974
_d53974